[Event "GER-chT KG-32 email"]
[Site "GER email"]
[Date "2007.10.25"]
[Round "?"]
[White "Vetter, Udo"]
[Black "Muehlan, Alexander"]
[Result "1/2-1/2"]
[WhiteElo "1684"]
[BlackElo "2000"]
[PlyCount "56"]
[EventDate "2007.??.??"]
[EventType "tourn (corr)"]
[EventRounds "4"]
[EventCountry "GER"]
[SourceTitle "Corr 2011"]
[Source "ChessBase"]
[SourceDate "2010.08.31"]
[SourceVersion "1"]
[SourceVersionDate "2010.08.31"]
[SourceQuality "1"]

1. e4 e5 2. Nf3 Nc6 3. Bc4 Bc5 4. c3 Nf6 5. d4 exd4 6. cxd4 Bb4+ 7. Nc3 Nxe4 8. 0-0 Bxc3 9. bxc3 0-0 10. d5 Na5 11. Bd3 Re8 12. Qc2 Nf6 13. c4 b6 14. Bb2 d6 15. Rae1 Rxe1 16. Rxe1 Bd7 17. Bc3 Nb7 18. Bxf6 Qxf6 19. Bxh7+ Kf8 20. Bd3 Nc5 21. Qd2 Bg4 22. Ng5 Qd4 23. Qe3 Qxe3 24. Rxe3 Nxd3 25. Rxd3 Re8 26. f3 Bf5 27. Ra3 f6 28. Ne6+ Bxe6 1/2-1/2